Alle Rekordmeister der Top 30 Fußballligen in Europa (UEFA) - Statistiken

Allgemein
  • Dieses Quiz wurde 442 mal gespielt
  • Das Durchschnittsergebnis liegt bei 25 aus 30
Antwortstatistiken
Hint Antwort % Korrekt
Eredivisie (Niederlande) Ajax Amsterdam
96%
Bundesliga (Deutschland) Bayern München
96%
Serie A (Italien) Juventus Turin
96%
Liga Portugal (Portugal) Benfica Lissabon
95%
Ligue 1 (Frankreich) Paris Saint-Germain
95%
LaLiga (Spanien) Real Madrid
95%
Süper Lig Galatasaray
92%
Premiership (Schottland) Glasgow Rangers
91%
Bundesliga (Österreich) Rapid Wien
91%
Premier League (England) Manchester United
90%
Ekstraklasa (Polen) Legia Warschau
87%
SuperSport HNL (Kroatien) Dinamo Zagreb
86%
Premier Liga (Ukraine) Dynamo Kiew
86%
Premier Liga (Russland) Spartak Moskau
86%
Fortuna Liga (Tschechien) Sparta Prag
86%
Super League (Schweiz) Grasshopper Zürich
85%
Superliga (Dänemark) Kopenhagen
85%
Allsvenskan (Schweden) Malmö
84%
Jupiler Pro League Anderlecht
81%
Ligat ha'Al (Israel) Maccabi Tel Aviv
80%
SuperLiga (Rumänien) Steaua Bukarest
77%
efbet Liga (Bulgarien) ZSKA Sofia
76%
Protathlima Cyta (Zypern) APOEL
74%
Super League 1 (Griechenland) Olympiakos Piräus
74%
Eliteserien (Norwegen) Rosenborg
74%
Premyer Liqa (Aserbaidschan) Qarabag
73%
Super liga Srbije (Serbien) Roter Stern Belgrad
73%
Nike Liga (Slowakei) Slovan Bratislava
71%
Nemzeti Bajnokság (Ungarn) Ferencvaros
66%
Prva Liga (Slowenien) Maribor
66%
Keine übereinstimmenden Quizze gefunden
Verteilung der Resultate
Anzahl Personen mit jedem Resultat
Perzentil nach korrekt beantworteten Fragen
Ihre Resultats-Entwicklung
Sie haben dieses Quiz noch nicht gespielt